Building Cost Planning for the Design Team / (Record no. 17365)
[ view plain ]
| 000 -LEADER | |
|---|---|
| fixed length control field | 00824cam a22002537a 4500 |
| 001 - CONTROL NUMBER | |
| control field | 14468723 |
| 005 - DATE AND TIME OF LATEST TRANSACTION | |
| control field | 20130317135037.0 |
| 008 - FIXED-LENGTH DATA ELEMENTS--GENERAL INFORMATION | |
| fixed length control field | 060726s2007 ne a b 001 0 eng |
| 010 ## - LIBRARY OF CONGRESS CONTROL NUMBER | |
| LC control number | 2006931689 |
| 020 ## - INTERNATIONAL STANDARD BOOK NUMBER | |
| International Standard Book Number | 0750680164 (pbk.) |
| 020 ## - INTERNATIONAL STANDARD BOOK NUMBER | |
| International Standard Book Number | 9780750680165 (pbk.) |
| 082 00 - DEWEY DECIMAL CLASSIFICATION NUMBER | |
| Classification number | 690.0681 |
| Edition number | 22 |
| Item number | SMI |
| 100 1# - MAIN ENTRY--PERSONAL NAME | |
| Personal name | Smith, Jim, |
| Dates associated with a name | 1946- |
| 9 (RLIN) | 32854 |
| 245 10 - TITLE STATEMENT | |
| Title | Building Cost Planning for the Design Team / |
| Statement of responsibility, etc | Jim Smith and David Jagger. |
| 250 ## - EDITION STATEMENT | |
| Edition statement | 2nd ed. |
| 260 ## - PUBLICATION, DISTRIBUTION, ETC. (IMPRINT) | |
| Place of publication, distribution, etc | Amsterdam ; |
| -- | Boston : |
| Name of publisher, distributor, etc | Butterworth-Heinemann, |
| Date of publication, distribution, etc | 2007. |
| 300 ## - PHYSICAL DESCRIPTION | |
| Extent | xii, 401 p. : |
| Other physical details | ill. ; |
| Dimensions | 24 cm. |
| 504 ## - BIBLIOGRAPHY, ETC. NOTE | |
| Bibliography, etc | Includes bibliographical references and index. |
| 650 #0 - SUBJECT ADDED ENTRY--TOPICAL TERM | |
| Topical term or geographic name as entry element | Construction industry |
| General subdivision | Cost control. |
| 9 (RLIN) | 32855 |
| 650 #0 - SUBJECT ADDED ENTRY--TOPICAL TERM | |
| Topical term or geographic name as entry element | Building |
| General subdivision | Estimates. |
| 9 (RLIN) | 32856 |
| 653 ## - INDEX TERM--UNCONTROLLED | |
| Resource For college | |
| Arrived date list | March2013 |
| 700 1# - ADDED ENTRY--PERSONAL NAME | |
| Personal name | Jaggar, David. |
| 9 (RLIN) | 32857 |
| 942 ## - ADDED ENTRY ELEMENTS (KOHA) | |
| Source of classification or shelving scheme | Dewey Decimal Classification |
| Item type | Book - Borrowing |
| Withdrawn status | Item status | Source of classification or shelving scheme | Damaged status | Not for loan | Vendor | Home library | Current library | Shelving location | Date acquired | Source of acquisition | Total Checkouts | Total Renewals | Full call number | Barcode | Date last seen | Date last borrowed | Koha item type |
|---|---|---|---|---|---|---|---|---|---|---|---|---|---|---|---|---|---|
| Dewey Decimal Classification | Baccah | Central Library | Central Library | First floor | 17/03/2013 | 2 | 2 | 690.0681 SMI | 000028496 | 15/07/2025 | 16/05/2016 | Book - Borrowing | |||||
| Dewey Decimal Classification | Baccah | Central Library | Central Library | First floor | 17/03/2013 | 690.0681 SMI | 000028497 | 15/07/2025 | Book - Borrowing | ||||||||
| Dewey Decimal Classification | Baccah | Central Library | Central Library | First floor | 17/03/2013 | 690.0681 SMI | 000028498 | 15/07/2025 | Book - Borrowing |